UBT Library

Encyclopedia of the solar system / (Record no. 42093)

000 -LEADER
fixed length control field 00898cam a2200265 a 4500
001 - CONTROL NUMBER
control field 2145824
005 - DATE AND TIME OF LATEST TRANSACTION
control field 20180208035735.0
008 - FIXED-LENGTH DATA ELEMENTS--GENERAL INFORMATION
fixed length control field 980209s1999 cauaf be 001 0 eng d
010 ## - LIBRARY OF CONGRESS CONTROL NUMBER
LC control number 98084429
020 ## - INTERNATIONAL STANDARD BOOK NUMBER
International Standard Book Number 0122268059 (acidfree paper)
035 ## - SYSTEM CONTROL NUMBER
System control number (OCoLC)39908966
040 ## - CATALOGING SOURCE
Original cataloging agency DNASA-G
Transcribing agency DNASA-G
Modifying agency NcAnA
-- CNoS
-- DLC
041 ## - LANGUAGE CODE
Language code of text/sound track or separate title eng
042 ## - AUTHENTICATION CODE
Authentication code lccopycat
080 ## - UNIVERSAL DECIMAL CLASSIFICATION NUMBER
Universal Decimal Classification number 523.2/03 pau
082 00 - DEWEY DECIMAL CLASSIFICATION NUMBER
Classification number 523.2/03 pau
Edition number 21
100 ## - Rafti
Rafti 22
101 ## - Shkurtesa
Shkurtesa enc
245 00 - TITLE STATEMENT
Title Encyclopedia of the solar system /
Statement of responsibility, etc edited by Paul R. Weissman, Lucy-Ann McFadden, Torrence V. Johnson.
504 ## - BIBLIOGRAPHY, ETC. NOTE
Bibliography, etc Includes bibliographical references and index.
906 ## - LOCAL DATA ELEMENT F, LDF (RLIN)
a 7
b cbc
c copycat
d 2
e opcn
f 19
g y-gencatlg
942 ## - ADDED ENTRY ELEMENTS (KOHA)
Source of classification or shelving scheme
Item type Books
Holdings
Withdrawn status Lost status Source of classification or shelving scheme Damaged status Not for loan Collection code Permanent location Current location Shelving location Date acquired Total Checkouts Full call number Barcode Date last seen Price effective from Koha item type
          Koleksioni i përgjithshem UBT - Lipjan UBT - Lipjan Koleksioni i përgjithshem 02/08/2018   523.2/03 pau 002-2999221 02/08/2018 02/08/2018 Books
UBT Library © 2015-2024. All rights reserved University Education for Business and Technology